000 00483cam a2200193ua 4500
001 632
005 20260515113212.0
008 110411n ii |||gr||||Z||||||eng
040 _cMAIN
082 _a320.4
245 1 _aIntroduction to civics
_cby Satyendra Nath Sen
250 _a22nd.
260 _aC:
_bBookland ,964.
300 _aiii, 565p.:
_c35cm.
653 _aPolitical science
653 _aIntroduction to civics
700 _aSen, Satyendra Nath.,
_eAuthor.
942 _cBK
999 _c561
_d561